| 000 | 003520000a22001450004500 | ||
|---|---|---|---|
| 003 | MACL | ||
| 040 | _aMACL | ||
| 090 |
_c3989 _d3988 |
||
| 100 | _aHiltebeitel, Alf | ||
| 245 |
_aThe Cult Of Draupadi _bMythologies: from Gingee To Kuruksetra |
||
| 260 |
_bMotilal Banarsidass Publishers _c1991 |
||
| 350 | _a200 | ||
| 650 | _aReligion | ||
| 942 |
_cBOOK _k294 |
||
| 999 |
_c3955 _d3955 |
||